Science Quiz

Random Science Quiz
Score 0/26 Timer 15:00
0 Plays Today
Hint Answer % Correct
(NH4)+Ammonium
100%
(NO2)-Nitrite
100%
(NO3)-Nitrate
100%
(SO3)2-Sulfite
100%
(SO4)2-Sulfate
100%
(HSO4)-Hydrogen sulfate
100%
(OH)-Hydroxide
100%
(CN)-Cyanide
100%
(PO4)3-Phosphate
100%
(HPO4)2-Hydrogen phosphate
100%
(CO3)2-Carbonate
100%
(HCO3)-Hydrogen carbonate
100%
(ClO2)-Chlorite
100%
Hint Answer % Correct
(ClO3)-Chlorate
100%
(ClO4)-Perchlorate
100%
(C2H3O2)-Acetate
100%
(MnO4)-Permanganate
100%
(Cr2O7)2-Dichromate
100%
(CrO4)2-Chromate
100%
(H2PO4)-Dihydrogen phosphate
80%
(SCN)-Thiocyanate
80%
(ClO)-Hypochlorite
80%
(O2)2-Peroxide
80%
(C2O4)2-Oxalate
80%
(S2O3)2-Thiosulfate
80%
(Hg2)2+Mercury (I)
60%

You're not logged in!

Compare scores with friends on all Sporcle quizzes.
OR
Log In

Sporcle TV

Today on Sporcle TV


Watch our educational content, quiz creation guides, and fun videos on Sporcle TV.

Show Comments

Extras

Top Quizzes Today


Score Distribution

Paid Content

Your Account Isn't Verified!

In order to create a playlist on Sporcle, you need to verify the email address you used during registration. Go to your Sporcle Settings to finish the process.

Report this User

Report this user for behavior that violates our Community Guidelines.

Details: